Music Quiz

Random Music or Song Quiz
Score 0/238 Timer 10:00
0 Plays Today
Lyrics % Correct
the
100%
I
100%
be
100%
the
100%
I
100%
I
100%
you
100%
I
100%
there
100%
you
100%
I'll
100%
be
100%
dreamin'
100%
Dreamin'
100%
you
100%
be
100%
there
100%
I'll
100%
be
100%
dreamin'
100%
dreamin'
100%
you
100%
be
100%
there
100%
be
100%
a
100%
I
100%
there
100%
you
100%
I'll
100%
be
100%
dreamin'
100%
dreamin'
100%
you
100%
be
100%
there
100%
I'll
100%
be
100%
dreamin'
100%
dreamin'
100%
you
100%
be
100%
there
100%
there
100%
you
100%
I'll
100%
be
100%
dreamin'
100%
dreamin'
100%
you
100%
be
100%
there
100%
I'll
100%
be
100%
dreamin'
100%
dreamin'
100%
you
100%
be
100%
there
100%
A
100%
dream
100%
you
100%
a
100%
dream
100%
a
100%
dream
100%
a
100%
the
100%
of
95.2%
me
95.2%
that
95.2%
that
95.2%
in
95.2%
is
95.2%
that
95.2%
baby
95.2%
will
95.2%
baby
95.2%
will
95.2%
me
95.2%
Lyrics % Correct
time
95.2%
me
95.2%
in
95.2%
is
95.2%
that
95.2%
baby
95.2%
will
95.2%
baby
95.2%
will
95.2%
in
95.2%
is
95.2%
that
95.2%
baby
95.2%
will
95.2%
baby
95.2%
baby
95.2%
will
95.2%
of
95.2%
of
95.2%
in
95.2%
For
90.5%
could
90.5%
could
90.5%
just
90.5%
to
90.5%
to
90.5%
and
90.5%
hopin'
90.5%
hopin'
90.5%
to
90.5%
and
90.5%
if
90.5%
could
90.5%
just
90.5%
to
90.5%
to
90.5%
and
90.5%
hopin'
90.5%
hopin'
90.5%
just
90.5%
to
90.5%
to
90.5%
and
90.5%
hopin'
90.5%
hopin'
90.5%
hopin'
90.5%
to
90.5%
it
85.7%
it
85.7%
Every
85.7%
my
85.7%
it
85.7%
it
85.7%
let
85.7%
know
85.7%
every
85.7%
Let
85.7%
out
85.7%
out
85.7%
this
85.7%
I've
85.7%
been
85.7%
my
85.7%
it
85.7%
it
85.7%
let
85.7%
know
85.7%
every
85.7%
my
85.7%
it
85.7%
it
85.7%
let
85.7%
know
85.7%
every
85.7%
life
81%
now
81%
night
81%
how
81%
are
81%
but
81%
Lyrics % Correct
one
81%
How
81%
How
81%
night
81%
real
81%
How
81%
should
81%
are
81%
but
81%
one
81%
How
81%
How
81%
night
81%
are
81%
but
81%
one
81%
How
81%
How
81%
night
81%
Now
81%
thought
76.2%
right
76.2%
wish
76.2%
tell
76.2%
feel
76.2%
here
76.2%
heart
76.2%
put
76.2%
right
76.2%
try
76.2%
feel?
76.2%
here
76.2%
heart
76.2%
put
76.2%
right
76.2%
here
76.2%
heart
76.2%
put
76.2%
right
76.2%
little
76.2%
livin'
76.2%
way
71.4%
Those
71.4%
words
71.4%
together
71.4%
say
71.4%
take
71.4%
Cause
71.4%
living
71.4%
fantasy
71.4%
Those
71.4%
words
71.4%
together
71.4%
say
71.4%
Those
71.4%
words
71.4%
together
71.4%
say
71.4%
fantasy
71.4%
with
71.4%
never
71.4%
find
66.7%
middle
66.7%
part
61.9%
part
61.9%
part
61.9%
bit
61.9%
Emotions
57.1%
high
57.1%
running
57.1%
missing
57.1%
scares
57.1%
missing
57.1%
missing
57.1%
mine
57.1%
stands
52.4%
reality
52.4%
make
52.4%
Remove Ads.
Support Sporcle.
Get the best of Sporcle when you Go Orange. This ad-free experience offers more features, more stats, and more fun while also helping to support Sporcle. Thank you for becoming a member.

You're not logged in!

Compare scores with friends on all Sporcle quizzes.
OR
Log In

Show Comments

Extras

Created Dec 10, 2018ReportNominate
Tags:Song Quiz, 1988, Released, William

Top Quizzes Today


Score Distribution

Your Account Isn't Verified!

In order to create a playlist on Sporcle, you need to verify the email address you used during registration. Go to your Sporcle Settings to finish the process.

Report this User

Report this user for behavior that violates our Community Guidelines.

Details: